000 00959nam a22003377a 4500
001 0073944
003 KOHA_MİRAKIL
005 20260207005200.0
007 ta
008 250513b2016 tu |||gr||||#0|||1|tur |
020 _a9786053111320
040 _aTR-BiSEU
_btur
_cTR-BiSEU
_erda
041 0 _atur
044 _ctu
050 _aPL248.T39
_bA45 2016
100 1 _aTazeoğlu, Kahraman.
245 1 _aAllah'a emanet ol/
_cKahraman Tazeoğlu ; Kahraman Tazeoğlu.
264 1 _aİstanbul :
_bDestek Yayınları
_c2016
300 _a133 sayfa; 24 cm.
336 _ametin
_btxt
_2rdacontent
337 _aaracısız
_bn
_2rdamedia
338 _acilt
_bnc
_2rdacarrier
490 1 _aDestek yayınları ;
_v691.
490 1 _aEdebiyat ;
_v180
650 0 _aTürk romanı
_95504
650 0 _aTurkish fiction
_96661
830 1 _aDestek yayınları ;
_v691.
_973351
830 1 _aEdebiyat ;
_v180
_95879
907 _aRoman
942 _2lcc
_cBK
999 _c74698
_d74698